Представление документа в формате RUSMARC

ПолеНазваниеЗначение
  Тип записи a
  Библиографический уровень m
001 Контрольный номер 85bfb7b7d9a24a899234bae7ce46e257
005 Дата корректировки 20260220144458.6
010 Индекс ISBN __
a ISBN 978-5-600-03851-6
9 Тираж 3000 экз.
d Цена 300-00
100 Данные общей обработки __
a Данные общей обработки 20240219d2023 em y0rusy028902 ca
101 Язык документа 0_
a Язык текста rus
102 Страна публикации __
a Страна публикации RU
105 Кодированные данные (монография) __
a Кодированные данные (монография) a z 000ay
181 Поле кодированных данных: вид содержания _0
a Код вида содержания (ISBD) i
182 Поле кодированных данных: тип средства _0
a Код типа средства (ISBD) n
200 Заглавие и сведения об ответственности 1_
a Заглавие Пятое через десятое
f Первые сведения об ответственности Андрей Лонгортов
203 Вид содержания и тип средства __
a Вид содержания Текст
c Тип средства непосредственный
210 Выходные данные 1_
a Место издания Ульяновск
c Издательство Ульяновский Дом печати
d Дата издания 2023
215 Физическое описание __
a Объем 160 с., [2] л. ил.
d Формат 21 см
c Иллюстрации/тип воспроизводства фот. цв., портр., цв. ил.
300 Общие примечания __
a Общие примечания На титульной странице автограф автора: Дорогому отделу краеведения ЦГБ им. А. С. Пушкина! Будьте не в центре и заняты! Россия, вперёд! Ханты туда же! Не менее дорогой Автор. 14.04.2024 г. (1 экз.)
300 Общие примечания __
a Общие примечания На титульной странице автограф автора: Сергею Алексеевичу, Творцу и Деятелю! На добрую память от автора. Подпись 11 октября 2024 г. Россия, вперёд! Ханты туда же!(1 экз.)
330 Аннотация __
a Аннотация Югорский писатель Андрей Лонгортов представляет свою новую книгу – "Пятое через десятое". Очень увлекательное остросоциальное произведение, основной проблемой которого является человек и его вечные ценности в современном мире.
333 Примечание о целевом назначении __
a Примечание о целевом назначении 16+. Для детей старше 16 лет
606 Тематические рубрики __
2 Код системы nlr_sh
a Основная рубрика Художественная литература
606 Тематические рубрики __
2 Код системы nlr_sh
a Основная рубрика Литература народов России (произведения)
y Географическая подрубрика Россия
y Географическая подрубрика Тюменская область
y Географическая подрубрика Тюмень
y Географическая подрубрика ХМАО-Югра
y Географическая подрубрика Ханты-Мансийский автономный округ - Югра
y Географическая подрубрика Ханты-Мансийск
610 Ключевые слова 0_
a Ключевые слова современная проза
610 Ключевые слова 0_
a Ключевые слова проза
610 Ключевые слова 0_
a Ключевые слова краеведение
610 Ключевые слова 0_
a Ключевые слова литературное краеведение
610 Ключевые слова 0_
a Ключевые слова тема человека
610 Ключевые слова 0_
a Ключевые слова хантыйская литература
610 Ключевые слова 0_
a Ключевые слова родовые угодья
610 Ключевые слова 0_
a Ключевые слова тема политики
610 Ключевые слова 0_
a Ключевые слова ханты
610 Ключевые слова 0_
a Ключевые слова социальная проза
610 Ключевые слова 0_
a Ключевые слова тема ханты
686 Индексы других классификаций __
2 Код системы rubbks
a Классификационный индекс К84(2=665.1)6-4; стК84(2=665.1)6-4
700 Автор _1
a Фамилия Лонгортов
b Имя А. И.
g Полное личное имя Андрей Иванович
f Даты 1975-
4 Код отношения 070
4 Код отношения 450
801 Источник записи _2
b Организация Муниципальное бюджетное учреждение культуры "Централизованная библиотечная система" г. Сургут (Центральная городская библиотека им. А. С. Пушкина)
a Страна RU
g Правила каталогизации PSBO
c Дата составления 20240220
801 Источник записи _1
b Организация Муниципальное бюджетное учреждение культуры "Централизованная библиотечная система" г. Сургут (Центральная городская библиотека им. А. С. Пушкина)
a Страна RU
g Правила каталогизации PSBO
c Дата составления 20240220
852 Данные о местонахождении __
i Авторский знак Л 76
j Шифр хранения К84(2=665.1)6-4
900 Макрообъекты __
a Макрообъекты Пятое через весятое. Лонгортов, А., 2023
900 Макрообъекты __
a Макрообъекты Дарственная надпись автора (Пятое через весятое. Лонгортов, А., 2023)
901 Тип документа __
a Ответственный КиК/Котельникова; ООФиК/Волкова
t Тип документа m
901 Тип документа __
a Ответственный 2 партия
903 Характеристики (МАРС) __
c Наименование библиотеки (МАРС) Муниципальное бюджетное учреждение культуры "Централизованная библиотечная система" г. Сургут (Центральная городская библиотека им. А. С. Пушкина)
a Дата передачи 20251212; 20240220
990 Данные о заказе (DOS) __
j Количество экземпляров (DOS) 1; 1
t N записи в КСУ для И/У (DOS) 202602; 202405